000 00572nam a2200193Ia 4500
005 20260114185656.0
008 008 260114s9999 xx 000 0 eng d
020 _a9780755692743
037 _aEBOOK
040 _aCRL
_beng
_cCRL
041 _aeng
_2eng
084 _qCRL
100 _aMichael Gould
_9872997
245 4 _aThe Struggle for Modern Nigeria The Biafran War 1967-1970
260 _bBloomsbury
_c2011
856 _uhttps://doi.org/10.5040/9780755692743?locatt=label:secondary_bloomsburyCollections
942 _cEBOOK
999 _c1471945
_d1471945